Management Accounting. (Record no. 350301)
[ view plain ]
| 000 -LEADER | |
|---|---|
| fixed length control field | 00607nam a2200241 4500 |
| 003 - CONTROL NUMBER IDENTIFIER | |
| control field | OSt |
| 005 - DATE AND TIME OF LATEST TRANSACTION | |
| control field | 20180116183012.0 |
| 008 - FIXED-LENGTH DATA ELEMENTS--GENERAL INFORMATION | |
| fixed length control field | 150909b xxu||||| |||| 00| 0 eng d |
| 020 ## - INTERNATIONAL STANDARD BOOK NUMBER | |
| International Standard Book Number | 9780074715789 |
| 022 ## - INTERNATIONAL STANDARD SERIAL NUMBER | |
| International Standard Serial Number | 9780074715789 |
| 040 ## - CATALOGING SOURCE | |
| Transcribing agency | 0 |
| 050 ## - LIBRARY OF CONGRESS CALL NUMBER | |
| Classification number | 657.42 |
| 082 ## - DEWEY DECIMAL CLASSIFICATION NUMBER | |
| Classification number | 657.42 |
| 100 ## - MAIN ENTRY--PERSONAL NAME | |
| Personal name | Neish,William. |
| 245 ## - TITLE STATEMENT | |
| Title | Management Accounting. |
| Remainder of title | Principles and Applications. |
| Statement of responsibility, etc. | William Neish. |
| 250 ## - EDITION STATEMENT | |
| Edition statement | 3rd. |
| 260 ## - PUBLICATION, DISTRIBUTION, ETC. | |
| Place of publication, distribution, etc. | New York. |
| Name of publisher, distributor, etc. | McGraw-Hill. |
| Date of publication, distribution, etc. | 2010. |
| 300 ## - PHYSICAL DESCRIPTION | |
| Extent | 768p. |
| 500 ## - GENERAL NOTE | |
| General note | Paper Cover |
| 600 ## - SUBJECT ADDED ENTRY--PERSONAL NAME | |
| Personal name | Neish,William. |
| 700 ## - ADDED ENTRY--PERSONAL NAME | |
| Personal name | Neish,William. |
| 942 ## - ADDED ENTRY ELEMENTS (KOHA) | |
| Source of classification or shelving scheme | |
| Koha item type | Book |
| Call number prefix | 657.42 |
| Withdrawn status | Lost status | Source of classification or shelving scheme | Damaged status | Not for loan | Collection code | Permanent Location | Current Location | Shelving location | Date acquired | Total Checkouts | Full call number | Barcode | Date last seen | Date last checked out | Price effective from | Koha item type |
|---|---|---|---|---|---|---|---|---|---|---|---|---|---|---|---|---|
| Central Library (CL) | Central Library (CL) | General Stacks | 09/09/2015 | 2 | 657.42 NEI | NBS9380 | 04/04/2023 | 10/15/2018 | 09/09/2015 | Book |
